Byzantine (Eastern Roman) Emperors - Statistics

General Stats
  • This quiz has been taken 1,302 times
    1,293 since last reset
  • The average score is 58 of 92
Answer Stats
Reign Emperor # % Correct
324-337 Constantine I
97%
641 Constantine III
96%
668-685 Constantine IV
96%
741-775 Constantine V
96%
780-797 Constantine VI
96%
913-959 Constantine VII
96%
1025-1028 Constantine VIII
96%
1042-1055 Constantine IX
96%
1059-1067 Constantine X
96%
1449-1453 Constantine IX
96%
518-527 Justin I
94%
565-578 Justin II
94%
527-565 Justinian I
88%
685-695705-711 Justinian II
88%
457-474 Leo I
82%
474 Leo II
82%
717-741 Leo III
82%
775-780 Leo IV
82%
813-820 Leo V
82%
886-912 Leo VI
82%
379-395 Theodosius I
79%
408-450 Theodosius II
79%
715-717 Theodosius III
79%
969-976 John I
74%
1118-1143 John II
74%
1221-1254 John III
74%
1258-1261 John IV
74%
1341-13761379-1390 1390-1391 John V
74%
1347-1354 John VI
74%
1390 John VII
74%
1425-1448 John VIII
74%
867-886 Basil I
72%
976-1025 Basil II
72%
364 Valentinian I
71%
811-813 Michael I
67%
820-829 Michael II
67%
842-867 Michael III
67%
1034-1041 Michael IV
67%
1041-1042 Michael V
67%
1056-1057 Michael VI
67%
1071-1078 Michael VII
67%
1259-1282 Michael VIII
67%
1294-1320 Michael IX
67%
610-641 Heraclius
66%
1081-1118 Alexios I
65%
1180-1183 Alexios II
65%
1195-1203 Alexios III
65%
1203-1204 Alexios IV
65%
1204 Alexios V
65%
641-668 Constans II
62%
337-361 Constantius II
61%
802-811 Nikephoros I
60%
963-969 Nikephoros II
60%
1078-1081 Nikephoros III
60%
364-378 Valens
59%
361-363 Julian
58%
912-913 Alexander
57%
1042-1056 Theodora
54%
797-802 Irene
53%
1143-1180 Manuel I
53%
1391-1425 Manuel II
53%
474-475476-491 Zeno
52%
602-610 Phocas
50%
1208-1221 Theodore I
50%
1254-1258 Theodore II
50%
395-408 Arcadius
49%
1057-1059 Isaac I
47%
1185-1195 Isaac II
47%
920-944 Romanos I
47%
959-963 Romanos II
47%
1028-1034 Romanos III
47%
1068-1071 Romanos IV
47%
1042-1050 Zoe
47%
1183-1185 Andronikos I
44%
1282-1328 Andronikos II
44%
1328-1341 Andronikos III
44%
1376-1379 Andronikos IV
44%
582-602 Maurice
44%
578-582 Tiberius II
44%
491-518 Anastasius I
43%
713-715 Anastasius II
43%
363-364 Jovian
43%
698-705 Tiberius III
43%
378-379 Gratian
39%
450-457 Marcian
39%
475-476 Basiliscus
36%
641 Heraclonas
31%
829-842 Theophilos
31%
695-698 Leontius
29%
741-743 Artabasdos
28%
811 Staurakios
28%
711-713 Philippicus
27%
No matching quizzes found
Score Distribution
Percent of People with Each Score
Percentile by Number Answered
Your Score History
You have not taken this quiz since the last reset